Регионална библиотека "Любен Каравелов" - Русе

Националните стремления на народите в Балканския полуостров (Запис номер 390085)

MARC детайли
000 -Лидер
Контролно поле с фиксирана дължина nam a22 a 4500
003 - Код на организацията, давaща контролен номер
Контролно поле BLK
005 - Дата и час на последна редакция
Контролно поле 20201015123744.0
008 - Елементи от данни с фиксирана дължина
fixed length control field 201015b bul|||||r ||||||| ||bul||
040 ## - Източник на каталожния запис
Идентификатор на билиотеката - собственик на записа BLK
041 ## - Код за език
Код за езика на текст/звукозапис или на отделно заглавие Български
Код за езика КДБФ Български
080 ## - УДК
Текстов определител УДК История на балканските държави
УДК код - определител по УДК 94(497)
УДК - код + определител 94(497)
100 ## - Редна дума - Автор
Автор Вайганд, Густав
Авторска отговорност първи автор
R(LIN) 373460
139 ## - Редно поле
Редна дума Вайганд, Густав
245 10 - Сведения за заглавието
Заглавие Националните стремления на народите в Балканския полуостров
Редно поле (дума) Густав Вайганд; прев. Ср. Данов.
257 ## - Страна на издаване
Страна на създаване/издаване Франция
260 ## - Област на издателските данни
Място на издаване, разпространение и проч. Шумен
Година на издаване 1898
Печатница Шумен : печ. Вл. Р. Блъсков, 1898
300 ## - Физическа характеристика
Страници 38 с.
Размери/Мащаб 25 см
380 ## - Жанр
Жанр История
490 ## - СЕРИИ (Колекции)
9 (RLIN) 435080
Име на серия Колекция Редки и ценни издания
500 ## - Общи забележки
Забележка (Цена в кумул.) : 0.25 лв.
650 #0 - Допълнително описание по предмет – тема
9 (RLIN) 259470
Основно описание – тема или топоним Балкански полуостров - история
700 ## - Други автори (авторска отговорност)
Лично име Данов, Ср.
Автороска отговорност (Описва отношението между автора и произведението) прев.
9 (RLIN) 966
852 ## - Местоположение
Форматна сигнатура Рб 898
Фондова буква Редки и ценни
856 4# - Електронен адрес и достъп
Електронен формат pdf - файл
Път до файла /url/
856 4# - Електронен адрес и достъп
Електронен формат pdf - файл
Път до файла /url/
999 ## - СИСТЕМНИ КОНТРОЛНИ НОМЕРА
Koha biblionumber 390085
Koha biblioitemnumber 390085
942 ## - АРТИКУЛИ
Вид на библиотечния материал Книги
Скрит в OPAC Не
Периодичен библиозапис Да
944 ## - СЪЗДАВАНЕ И РЕДАКЦИЯ на ЗАПИСА
Дата на регистрацията/редакция 2020-10-15
Служител, извършил регистрацията/редакцията ВК
Наличности
Код за отписване Код за изгубен артикул Източник на класификационната схема Код за повреда Коз за рестрикции Код за отдаване Артикулен № Име на библиотеката - собственик Име на библиотеката, в която се намира в момента Статус (Текущо местоположение) Дата на вписване в системата Местоположение - отдел Цена в лева Инвентарен номер Систематично азбучна сигнатура Баркод Цена в евро Служебен тип на артикула
  Не е изгубен Universal Decimal Classification Не е повреден само за читалня Специални фондове ( старопечатни, редки и ценни, фонд М. Арнаудов) 803626 Регионална библиотека "Любен Каравелов" Русе Регионална библиотека "Любен Каравелов" Русе Редки и ценни 2020-10-19 Редки и ценни 0.03 7402 Рб 898 900000036552 0.02 Книги
Vip Innovations Ltd, Rousse, Bulgaria 2025